00373 2200157 4500001002100000005001500021035002000036245003100056100001900087300002600106260003100132082000800163084001400171020001800185990001200203INLIS00000000000333120251222095755 a0010-12250001521 aThe Gift /cDanielle Steel0 aDanielle Steel a310 hlm ;c11 x 18 cm aJakarta :bGramedia,c1995 a813 a813 DAN t a979-605-208-3 a0754462